<?xml version="1.0" encoding="UTF-8"?>
<record
    xmlns:xsi="http://www.w3.org/2001/XMLSchema-instance"
    xsi:schemaLocation="http://www.loc.gov/MARC21/slim http://www.loc.gov/standards/marcxml/schema/MARC21slim.xsd"
    xmlns="http://www.loc.gov/MARC21/slim">

  <leader>01756ntm a2200253 a 4500</leader>
  <controlfield tag="001">75838</controlfield>
  <controlfield tag="003">BD-RjUL</controlfield>
  <controlfield tag="005">20211209082743.0</controlfield>
  <controlfield tag="008">190723s    2014bg ||||| bm|| 00| 0 ben d</controlfield>
  <datafield tag="035" ind1=" " ind2=" ">
    <subfield code="a">(BD-RjUL)76057</subfield>
  </datafield>
  <datafield tag="040" ind1=" " ind2=" ">
    <subfield code="a">BD-RjUL</subfield>
    <subfield code="b">ben/eng</subfield>
    <subfield code="c">BD-RjUL</subfield>
    <subfield code="d">BD-RjUL</subfield>
  </datafield>
  <datafield tag="041" ind1=" " ind2=" ">
    <subfield code="a">ben</subfield>
  </datafield>
  <datafield tag="082" ind1=" " ind2=" ">
    <subfield code="2">23</subfield>
    <subfield code="a">297.1226</subfield>
    <subfield code="b">RAB 2014</subfield>
  </datafield>
  <datafield tag="100" ind1="1" ind2=" ">
    <subfield code="a">&#x9B0;&#x9B9;&#x9AE;&#x9BE;&#x9A8;, &#x986;&#x9AC;&#x9C1; &#x9A8;&#x9CB;&#x9AE;&#x9BE;&#x9A8; &#x9AE;&#x9C1;&#x9B9;&#x9BE;&#x9AE;&#x9CD;&#x9AE;&#x9A6; &#x9AE;&#x9BE;&#x9B8;&#x989;&#x9A6;&#x9C1;&#x9B0;</subfield>
    <subfield code="9">232474</subfield>
  </datafield>
  <datafield tag="245" ind1="1" ind2="0">
    <subfield code="a">&#x9AC;&#x9BE;&#x982;&#x9B2;&#x9BE; &#x9AD;&#x9BE;&#x9B7;&#x9BE;&#x9AF;&#x9BC; &#x9A4;&#x9BE;&#x9AB;&#x9B8;&#x9C0;&#x9B0; &#x99A;&#x9B0;&#x9CD;&#x99A;&#x9BE;&#x9B0; &#x9A7;&#x9BE;&#x9B0;&#x9BE; &#x993; &#x9AA;&#x9CD;&#x9B0;&#x995;&#x9C3;&#x9A4;&#x9BF;:</subfield>
    <subfield code="b">&#x98F;&#x995;&#x99F;&#x9BF; &#x9AA;&#x9B0;&#x9CD;&#x9AF;&#x9BE;&#x9B2;&#x9CB;&#x99A;&#x9A8;&#x9BE; (&#x9E7;&#x9EF;&#x9E6;&#x9EB;-&#x9E8;&#x9E6;&#x9E7;&#x9E7;) /</subfield>
    <subfield code="c">&#x986;&#x9AC;&#x9C1; &#x9A8;&#x9CB;&#x9AE;&#x9BE;&#x9A8; &#x9AE;&#x9C1;&#x9B9;&#x9BE;&#x9AE;&#x9CD;&#x9AE;&#x9A6; &#x9AE;&#x9BE;&#x9B8;&#x989;&#x9A6;&#x9C1;&#x9B0; &#x9B0;&#x9B9;&#x9AE;&#x9BE;&#x9A8;  ;</subfield>
    <subfield code="6">&#x9A4;&#x9A4;&#x9CD;&#x9A4;&#x9CD;&#x9AC;&#x9AC;&#x9A7;&#x9BE;&#x9AF;&#x9BC;&#x995; :&#x9AE;&#x9CB;&#x9B9;&#x9BE;. &#x986;&#x9B6;&#x9B0;&#x9BE;&#x9AB; &#x989;&#x99C; &#x99C;&#x9BE;&#x9AE;&#x9BE;&#x9A8;</subfield>
  </datafield>
  <datafield tag="260" ind1=" " ind2=" ">
    <subfield code="a">&#x9B0;&#x9BE;&#x99C;&#x9B6;&#x9BE;&#x9B9;&#x9C0; :</subfield>
    <subfield code="b">&#x987;&#x9B8;&#x9B2;&#x9BE;&#x9AE;&#x9BF;&#x995; &#x9B8;&#x9CD;&#x99F;&#x9BE;&#x9A1;&#x9BF;&#x99C;  &#x9AC;&#x9BF;&#x9AD;&#x9BE;&#x997;, &#x9B0;&#x9BE;&#x99C;&#x9B6;&#x9BE;&#x9B9;&#x9C0; &#x9AC;&#x9BF;&#x9B6;&#x9CD;&#x9AC;&#x9AC;&#x9BF;&#x9A6;&#x9CD;&#x9AF;&#x9BE;&#x9B2;&#x9AF;&#x9BC;, </subfield>
    <subfield code="c">&#x9E8;&#x9E6;&#x9E7;&#x9EA;</subfield>
  </datafield>
  <datafield tag="300" ind1=" " ind2=" ">
    <subfield code="a">ix,  &#x9E9;&#x9E6;&#x9EF; &#x9AA;&#x9BE;&#x9A4;&#x9BE; :</subfield>
    <subfield code="b">&#x99A;&#x9BF;&#x9A4;&#x9CD;&#x9B0; ;</subfield>
    <subfield code="c">&#x9E8;&#x9EF; &#x9B8;&#x9C7;&#x9AE;&#x9BF;.</subfield>
  </datafield>
  <datafield tag="502" ind1=" " ind2=" ">
    <subfield code="a">&#x9A5;&#x9BF;&#x9B8;&#x9BF;&#x9B8; (&#x9AA;&#x9BF;&#x98F;&#x987;&#x99A;. &#x9A1;&#x9BF;.) -- &#x987;&#x9B8;&#x9B2;&#x9BE;&#x9AE;&#x9BF;&#x995; &#x9B8;&#x9CD;&#x99F;&#x9BE;&#x9A1;&#x9BF;&#x99C; &#x9AC;&#x9BF;&#x9AD;&#x9BE;&#x997;, &#x9B0;&#x9BE;&#x99C;&#x9B6;&#x9BE;&#x9B9;&#x9C0; &#x9AC;&#x9BF;&#x9B6;&#x9CD;&#x9AC;&#x9AC;&#x9BF;&#x9A6;&#x9CD;&#x9AF;&#x9BE;&#x9B2;&#x9AF;&#x9BC;, &#x9E8;&#x9E6;&#x9E7;&#x9EA;</subfield>
  </datafield>
  <datafield tag="504" ind1=" " ind2=" ">
    <subfield code="a">&#x997;&#x9CD;&#x9B0;&#x9A8;&#x9CD;&#x9A5;&#x9AA;&#x99E;&#x9CD;&#x99C;&#x9BF;: &#x9AA;&#x9BE;&#x9A4;&#x9BE; [&#x9E8;&#x9EF;&#x9E6;]-&#x9E9;&#x9E6;&#x9E6;</subfield>
  </datafield>
  <datafield tag="650" ind1=" " ind2=" ">
    <subfield code="a">&#x995;&#x9C1;&#x9B0;&#x986;&#x9A8;</subfield>
    <subfield code="x">&#x9AC;&#x9CD;&#x9AF;&#x9BE;&#x996;&#x9BE; &#x993; &#x9B8;&#x9AE;&#x9BE;&#x9B2;&#x9CB;&#x99A;&#x9A8;&#x9BE;</subfield>
    <subfield code="x">&#x9AC;&#x9BE;&#x982;&#x9B2;&#x9BE; &#x9AD;&#x9BE;&#x9B7;&#x9BE;</subfield>
    <subfield code="y">&#x9E7;&#x9EF;&#x9E6;&#x9EB;-&#x9E8;&#x9E6;&#x9E7;&#x9E7;</subfield>
    <subfield code="9">232476</subfield>
  </datafield>
  <datafield tag="650" ind1=" " ind2=" ">
    <subfield code="a">Quran</subfield>
    <subfield code="x">Interpretation and Criticism</subfield>
    <subfield code="x">Bengali Language</subfield>
    <subfield code="y">1905-2011</subfield>
    <subfield code="9">232477</subfield>
  </datafield>
  <datafield tag="700" ind1=" " ind2=" ">
    <subfield code="a">&#x99C;&#x9BE;&#x9AE;&#x9BE;&#x9A8;, &#x9AE;&#x9CB;&#x9B9;&#x9BE;. &#x986;&#x9B6;&#x9B0;&#x9BE;&#x9AB; &#x989;&#x99C; , &#x9A4;&#x9A4;&#x9CD;&#x9A4;&#x9CD;&#x9AC;&#x9AC;&#x9A7;&#x9BE;&#x9AF;&#x9BC;&#x995; </subfield>
    <subfield code="9">232475</subfield>
  </datafield>
  <datafield tag="942" ind1=" " ind2=" ">
    <subfield code="2">ddc</subfield>
    <subfield code="c">THE</subfield>
  </datafield>
  <datafield tag="999" ind1=" " ind2=" ">
    <subfield code="c">75838</subfield>
    <subfield code="d">75838</subfield>
  </datafield>
  <datafield tag="952" ind1=" " ind2=" ">
    <subfield code="0">0</subfield>
    <subfield code="1">0</subfield>
    <subfield code="2">ddc</subfield>
    <subfield code="4">0</subfield>
    <subfield code="7">1</subfield>
    <subfield code="8">THESES</subfield>
    <subfield code="a">RUCL</subfield>
    <subfield code="b">RUCL</subfield>
    <subfield code="c">Doc/The</subfield>
    <subfield code="d">2016-07-28</subfield>
    <subfield code="e">Controller of Examination Office, R. U.</subfield>
    <subfield code="l">0</subfield>
    <subfield code="o">BTHE 297.1226 RAB 2014</subfield>
    <subfield code="r">2019-07-23 00:00:00</subfield>
    <subfield code="t">C-1</subfield>
    <subfield code="w">2019-07-23</subfield>
    <subfield code="y">THE</subfield>
  </datafield>
</record>
